JCT guide to the Standard Form of Building Contract 1980 edition, and to the JCT Nominated Sub-Contract documents (Record no. 97297)
[ view plain ]
| 000 -LEADER | |
|---|---|
| fixed length control field | 00608cam a2200193 4500 |
| 001 - CONTROL NUMBER | |
| control field | D6165 |
| 008 - FIXED-LENGTH DATA ELEMENTS--GENERAL INFORMATION | |
| fixed length control field | 090401t1980 xxu||||| |||| 00| 0 eng d |
| 035 ## - SYSTEM CONTROL NUMBER | |
| System control number | (Sirsi) u88190 |
| 041 ## - LANGUAGE CODE | |
| Language code of text/sound track or separate title | eng |
| 050 ## - LIBRARY OF CONGRESS CALL NUMBER | |
| Classification number | 692.8 |
| 110 ## - MAIN ENTRY--CORPORATE NAME | |
| Corporate name or jurisdiction name as entry element | Joint Contracts Tribunal |
| 9 (RLIN) | 3664 |
| 245 ## - TITLE STATEMENT | |
| Title | JCT guide to the Standard Form of Building Contract 1980 edition, and to the JCT Nominated Sub-Contract documents |
| 260 ## - PUBLICATION, DISTRIBUTION, ETC. | |
| Place of publication, distribution, etc. | London |
| Name of publisher, distributor, etc. | RIBA for the JCT |
| Date of publication, distribution, etc. | 1980 |
| 300 ## - PHYSICAL DESCRIPTION | |
| Extent | 253p. 30cm |
| 350 ## - PRICE (NR) (BK AM CF MU VM SE) [OBSOLETE] | |
| Price | 13.5 |
| 520 ## - SUMMARY, ETC. | |
| Summary, etc. | Filed in box JCT 1980/1 ABCD A - Archives, B - Reference, CD - Loan ; 692.9 |
| 942 ## - ADDED ENTRY ELEMENTS (KOHA) | |
| Suppress in OPAC | 0 |
| 948 ## - LOCAL PROCESSING INFORMATION (OCLC); SERIES PART DESIGNATOR (RLIN) | |
| c (OCLC) | 04/03/1997 |
| Withdrawn status | Lost status | Source of classification or shelving scheme | Damaged status | Not for loan | Home library | Current library | Shelving location | Date acquired | Cost, normal purchase price | Total Checkouts | Full call number | Barcode | Date last seen | Copy number | Cost, replacement price | Price effective from | Koha item type |
|---|---|---|---|---|---|---|---|---|---|---|---|---|---|---|---|---|---|
| Other/Generic Classification Scheme | London | London | Boxed set | 08/08/1991 | 13.50 | JCT 1980/1C | 30016352 | 06/08/2019 | 1 | 13.50 | 06/08/2019 | Reference material | |||||
| Other/Generic Classification Scheme | London | London | Boxed set | 08/08/1991 | 13.50 | JCT 1980/1C | 30016353 | 06/08/2019 | 2 | 13.50 | 06/08/2019 | Reference material | |||||
| Other/Generic Classification Scheme | London | London | Boxed set | 08/08/1991 | 13.50 | JCT 1980/1C | 30016354 | 06/08/2019 | 3 | 13.50 | 06/08/2019 | Book | |||||
| Other/Generic Classification Scheme | London | London | Boxed set | 19/08/1991 | 13.50 | JCT 1980/1C | 30031845 | 06/08/2019 | 4 | 13.50 | 06/08/2019 | Book |